Statistics for THE SIMPSONS - Musicians which guest starred

Click here to take the quiz!

General Stats

  • This quiz has been taken 192 times
    (188 since last reset)
  • The average score is 11 of 66

Answer Stats

Answer% Correct
Michael Jackson
62%
Paul McCartney
56%
Ringo Starr
48%
Mick Jagger
44%
U2
43%
The Smashing Pumpkins
39%
Aerosmith
38%
George Harrison
38%
Britney Spears
36%
Lady Gaga
35%
Keith Richards
35%
The Who
35%
Green Day
30%
Peter Frampton
30%
Sting
29%
Barry White
28%
Red Hot Chilli Peppers
27%
Cypress Hill
26%
Metallica
25%
NSYNC
22%
Tom Jones
22%
Sonic Youth
21%
Elvis Costello
20%
Tom Petty
20%
Lenny Kravitz
20%
Katy Perry
18%
Spinal Tap
18%
Bette Midler
15%
Brian Setzer
15%
REM
15%
50 Cent
15%
James Taylor
15%
Dolly Parton
15%
The Ramones
14%
Justin Bieber
12%
James Brown
12%
White Stripes
11%
Tony Bennet
9%
Ozzy Osbourne
8%
Willie Nelson
8%
Jack Black
7%
Ludacris
6%
Bachman Turner Overdrive
6%
David Crosby
6%
Little Richard
5%
Cindy Lauper
4%
Linda Ronstadt
4%
Paul Anka
3%
Ted Nugent
3%
Tito Puente
3%
The Moody Blues
3%
Lionel Richie
3%
Daft Punk
2%
Flight of the Conchords
2%
Björk
2%
Eartha Kitt
1%
Sigur Rós
1%
Rob Halford
1%
David Byrne
1%
Johnny Winter
0%
Lemmy Kilmister
0%
The Decemberists
0%
Ornette Coleman
0%
Glen Hansard
0%
No Doubt
0%
Zooey Deschanel
0%

Score Distribution

Percentile by Number Answered

Percent of People with Each Score

Your Score History

You have not taken this quiz since the last reset